Planificación del ejercicio y control presupuestario / (Record no. 61220)

MARC details
000 -LEADER
campo de control de longitud fija 00638nam a2200193 i 4500
001 - NÚMERO DE CONTROL
campo de control 61220
003 - IDENTIFICADOR DE NÚMERO DE CONTROL
campo de control ES-MaACL
005 - FECHA Y HORA DE LA ÚLTIMA TRANSACCIÓN
campo de control 20230906164413.0
007 - CAMPO FIJO DE DESCRIPCIÓN FÍSICA--INFORMACIÓN GENERAL
campo de control de longitud fija t|
008 - DATOS DE LONGITUD FIJA--INFORMACIÓN GENERAL
campo de control de longitud fija 031111s1966 sp ||||1| spa d
100 1# - ENTRADA PRINCIPAL--NOMBRE DE PERSONA
Nombre de persona Evans, Edward C. D.
9 (RLIN) 48354
245 10 - MENCIÓN DEL TÍTULO
Título Planificación del ejercicio y control presupuestario /
Mención de responsabilidad, etc. Edwars C.D. Evans ; tradución José Rovira Sánchez ; revisión Pedro Camps Vehí.
260 ## - PUBLICACIÓN, DISTRIBUCIÓN, ETC.
Lugar de publicación, distribución, etc. [Barcelona] :
Nombre del editor, distribuidor, etc. Sagitario,
Fecha de publicación, distribución, etc. [1966]
300 ## - DESCRIPCIÓN FÍSICA
Extensión 97 p. ;
Dimensiones 19 cm.
700 1# - ENTRADA AGREGADA--NOMBRE PERSONAL
Nombre de persona Camps Vehi, Pedro.
9 (RLIN) 199629
700 1# - ENTRADA AGREGADA--NOMBRE PERSONAL
Nombre de persona Rovira Sánchez, José.
9 (RLIN) 100155
852 ## - LOCALIZACIÓN
Ubicación ES-MaACL
Número de control de estantería C-29936
Sublocalización o colección R.60259
Holdings
Estatus retirado Estado de pérdida Estado de daño No para préstamo Biblioteca de origen Biblioteca actual Ubicación en estantería Fecha de adquisición Fuente de adquisición Total de préstamos Signatura topográfica completa Código de barras Visto por última vez Precio de reemplazo Tipo de ítem Koha
        Biblioteca del Ateneo de Madrid Biblioteca del Ateneo de Madrid Depósito 2 17/01/2008     C-29936 1064197 23/02/2023 23/02/2023 Libro impreso